000 00507nam a2200217Ia 4500
003 OSt
005 20220924135010.0
006 a|||||r|||| 00| 0
007 ta
008 220923b |||||||| |||| 00| 0 ben d
024 _a288198
037 _cTextual
040 _aARTS
_cARTS
_bben
041 _2ben
_aben
082 _aN91, 157L5
100 _aNand
_9209651
245 0 _aNatak parichalana
260 _c1975
942 _hN91, 157L5
_cTEXL
_2CC
999 _c439404
_d439404